000 00604nam a2200181Ia 4500
008 090123s9999 xx 000 0 und d
082 _b20188
_a891.463/रांगणे
100 _aरांगणेकर कुमुदिनी
245 _aघायाळ हरणी
250 _a0
260 _bराजेश प्रकाशन
300 _a168
600 _aरांगणेकर कुमुदिनी
630 _aघायाळ हरणी
700 _aरांगणेकर कुमुदिनी
730 _aघायाळ हरणी
942 _cBOOK
999 _c58260
_d58260